[Event "Qatar Masters Open 2023"]
[Site "Doha QAT"]
[Date "2023.10.19"]
[Round "8.64"]
[White "Viani, Antonio Dcunha"]
[Black "Mammadova, Gulnar"]
[Result "1/2-1/2"]
[WhiteTitle "IM"]
[BlackTitle "IM"]
[WhiteElo "2410"]
[BlackElo "2346"]
[WhiteFideId "5027330"]
[BlackFideId "13403508"]
[EventDate "2023.10.11"]

1. d4 Nf6 2. c4 e6 3. Nf3 d5 4. Nc3 Be7 5. Bf4 O-O 6. e3 Nbd7 7. Qc2 c5 8. cxd5
Nxd5 9. Nxd5 exd5 10. Be2 c4 11. O-O b5 12. b3 Nb6 13. bxc4 dxc4 14. Rfd1 Bd6
15. Bxd6 Qxd6 16. e4 f5 17. e5 Qc6 18. a4 Be6 19. d5 Bxd5 20. Nd4 Qg6 21. Bf1
bxa4 22. Nb5 Qc6 23. Nc3 Rad8 24. Nxd5 Rxd5 25. Rxd5 Qxd5 26. Rxa4 Qxe5 27. Rxa7
Rc8 28. Qb1 Qc5 29. Rb7 c3 30. Qb3+ Qd5 31. Qxb6 c2 32. Qb2 Qxb7 33. Qxb7 c1=Q
34. Qd5+ Kh8 35. Qxf5 Rd8 36. g3 Qd1 37. h4 Qd5 38. Qxd5 Rxd5 39. Kg2 g6 40. Bc4
Rd4 41. Ba2 Kg7 42. Bb1 Rd7 43. Kf3 Kf6 44. Kf4 Rd2 45. Ke3 Rb2 46. Bd3 h6 47.
Kf3 g5 48. hxg5+ hxg5 49. Ke3 g4 50. f3 gxf3 51. Kxf3 Rb3 52. Ke4 Kg5 53. Kd4
Kg4 54. Ke4 Kxg3 55. Kd4 Kf4 56. Bc2 Rb8 57. Kd5 Rb2 58. Bh7 Rd2+ 59. Ke6 Rh2
60. Bb1 Ke3 61. Kd5 Rh5+ 62. Kc4 Rh1 63. Bg6 Rd1 64. Bh7 Kf4 65. Bg6 Ke5 66. Bh7
Rd4+ 67. Kc3 Kd5 68. Bg8+ Kc5 69. Ba2 Ra4 70. Bb3 Rg4 71. Bf7 Rg3+ 72. Kc2 Kd4
73. Be6 Rc3+ 74. Kb2 Kd3 75. Bb3 Rc8 76. Bf7 Rb8+ 77. Ka3 Kc3 78. Ka4 Rb4+ 79.
Ka5 Rb2 80. Ka4 Rf2 81. Bg8 Rf8 82. Be6 Rb8 83. Bf7 Kd4 84. Be6 Kc5 85. Bf7 1/2-1/2

[Event "Qatar Masters Open 2023"]
[Site "Doha QAT"]
[Date "2023.10.19"]
[Round "8.65"]
[White "Rakshitta, Ravi"]
[Black "Hari, Madhavan N B"]
[Result "0-1"]
[WhiteTitle "WGM"]
[BlackTitle "IM"]
[WhiteElo "2272"]
[BlackElo "2408"]
[WhiteFideId "25073230"]
[BlackFideId "25054309"]
[EventDate "2023.10.11"]

1. Nf3 Nf6 2. g3 b5 3. Bg2 Bb7 4. O-O e6 5. d3 d5 6. c4 a6 7. Nbd2 Bd6 8. Qc2
Nbd7 9. e4 dxe4 10. dxe4 O-O 11. e5 Nxe5 12. Nxe5 Bxg2 13. Nxf7 Rxf7 14. Kxg2
Qd7 15. cxb5 Qxb5 16. Ne4 Qb7 17. f3 Nxe4 18. Qxe4 Qxe4 19. fxe4 Rxf1 20. Kxf1
Rb8 21. Ke2 Rb4 22. Kf3 Rc4 23. Bd2 Rc2 24. Bc3 Rxh2 25. Rd1 Rh5 26. Rd4 Rc5 27.
Ra4 Rc6 28. Ra5 Kf7 29. Rg5 Bf8 30. Ra5 Be7 31. Ra4 Bf6 32. e5 Be7 33. Rf4+ Ke8
34. Rg4 g6 35. Rd4 h5 36. g4 h4 37. g5 Bxg5 38. Rg4 Bd8 39. Rxg6 Kf7 40. Rg4 Rc5
41. Rf4+ Kg6 42. Rg4+ Kh5 43. Rg8 Rd5 44. Re8 Bg5 45. Rxe6 Rd3+ 46. Kf2 h3 47.
Re8 Bh4+ 48. Kg1 Bg3 49. Rh8+ Kg4 50. Kf1 Kf3 51. Rf8+ Ke3 0-1

[Event "Qatar Masters Open 2023"]
[Site "Doha QAT"]
[Date "2023.10.19"]
[Round "8.66"]
[White "Rakhmatullaev, Almas"]
[Black "Bagwe, Gaurang"]
[Result "1-0"]
[WhiteTitle "IM"]
[BlackTitle "FM"]
[WhiteElo "2389"]
[BlackElo "2348"]
[WhiteFideId "14205793"]
[BlackFideId "45039895"]
[EventDate "2023.10.11"]

1. e4 c5 2. Nf3 d6 3. d4 cxd4 4. Qxd4 Nc6 5. Qe3 Nf6 6. Be2 g6 7. h3 Bg7 8. O-O
O-O 9. Rd1 Bd7 10. c4 a5 11. Nc3 a4 12. Rb1 Qc8 13. b4 axb3 14. axb3 Nb4 15. Bb2
Qc7 16. Rbc1 Rfc8 17. e5 dxe5 18. Nxe5 Na2 19. Nxd7 Nxd7 20. Nd5 Qc5 21. Nxe7+
Kf8 22. Nxc8 Bxb2 23. Rc2 Bf6 24. Rxd7 Qxc8 25. Bg4 Qc6 26. Qd2 h5 27. Rxa2 Rxa2
28. Qxa2 hxg4 29. Qa8+ Kg7 30. Qe8 Qa6 31. Qxf7+ Kh6 32. Qf8+ Kh5 33. Rh7+ Kg5
34. Qc5+ Kf4 35. g3+ Ke4 36. Qd5# 1-0

[Event "Qatar Masters Open 2023"]
[Site "Doha QAT"]
[Date "2023.10.19"]
[Round "8.67"]
[White "Ilamparthi, A R"]
[Black "Karthik, Rajaa"]
[Result "1/2-1/2"]
[WhiteTitle "IM"]
[BlackTitle "FM"]
[WhiteElo "2387"]
[BlackElo "2309"]
[WhiteFideId "45015775"]
[BlackFideId "25035215"]
[EventDate "2023.10.11"]

1. e4 e6 2. d3 d5 3. Nd2 Nf6 4. Ngf3 Nc6 5. c3 e5 6. Be2 Bd6 7. b4 O-O 8. O-O
Ne7 9. Bb2 Ng6 10. Re1 c6 11. Bf1 Re8 12. g3 a5 13. a3 h6 14. Bg2 b6 15. Qc2 Bb7
16. Rad1 Qc7 17. d4 Nxe4 18. Nxe4 dxe4 19. dxe5 Nxe5 20. Nxe5 Bxe5 21. Qxe4 axb4
22. axb4 Re6 23. Qf3 Rb8 24. Qg4 Rbe8 25. Re3 c5 26. Bxb7 Qxb7 27. Rde1 cxb4 28.
Qxb4 Qc6 29. c4 Bxb2 30. Rxe6 Rxe6 1/2-1/2

[Event "Qatar Masters Open 2023"]
[Site "Doha QAT"]
[Date "2023.10.19"]
[Round "8.68"]
[White "Ostrovskiy, Aleksandr"]
[Black "Liu, Yi"]
[Result "1-0"]
[WhiteTitle "IM"]
[BlackTitle "FM"]
[WhiteElo "2385"]
[BlackElo "2301"]
[WhiteFideId "2034239"]
[BlackFideId "3210588"]
[EventDate "2023.10.11"]

1. e4 e6 2. d4 d5 3. Nc3 Nf6 4. e5 Nfd7 5. f4 c5 6. Nf3 Nc6 7. Be3 Be7 8. Qd2
O-O 9. dxc5 Qa5 10. a3 a6 11. h4 Bxc5 12. Bxc5 Nxc5 13. O-O-O b5 14. Nd4 Bd7 15.
Nxc6 Bxc6 16. Qd4 Ne4 17. Rh3 Rfc8 18. h5 Rab8 19. h6 Nxc3 20. Rxc3 b4 21. Rc5
Qb6 22. axb4 Qxb4 23. Qxb4 Rxb4 24. Bxa6 Rc7 25. Rd3 Rb6 26. Rb3 1-0

[Event "Qatar Masters Open 2023"]
[Site "Doha QAT"]
[Date "2023.10.19"]
[Round "8.69"]
[White "Begmuratov, Khumoyun"]
[Black "Senthil, Maran K"]
[Result "0-1"]
[WhiteTitle "FM"]
[BlackTitle "FM"]
[WhiteElo "2374"]
[BlackElo "2298"]
[WhiteFideId "14210207"]
[BlackFideId "25035681"]
[EventDate "2023.10.11"]

1. e4 c5 2. Nf3 Nc6 3. Bb5 g6 4. O-O Bg7 5. Re1 e5 6. Bxc6 dxc6 7. a4 b6 8. d3
f6 9. Be3 Nh6 10. h3 O-O 11. Na3 Nf7 12. Nc4 f5 13. Bd2 f4 14. b4 cxb4 15. Bxb4
c5 16. Bc3 Re8 17. Rb1 g5 18. Nh2 Rb8 19. Qe2 Qf6 20. Na3 Qg6 21. a5 h5 22. f3
Nh6 23. Nb5 Rb7 24. axb6 axb6 25. Ba1 g4 26. Kh1 Kh7 27. c3 Rg8 28. d4 Bh8 29.
Rg1 Rbg7 30. fxg4 hxg4 31. g3 gxh3 32. g4 Nxg4 33. dxe5 Qh5 34. Nd6 Qh4 35. Nxg4
Bxg4 36. Rxg4 Rxg4 37. Nf5 Qg5 38. Qh2 Qh5 39. e6 Rg1+ 40. Rxg1 Qf3+ 0-1

[Event "Qatar Masters Open 2023"]
[Site "Doha QAT"]
[Date "2023.10.19"]
[Round "8.70"]
[White "Stearman, Josiah"]
[Black "Jaiveer, Mahendru"]
[Result "1-0"]
[WhiteTitle "IM"]
[BlackTitle "FM"]
[WhiteElo "2476"]
[BlackElo "2393"]
[WhiteFideId "2062496"]
[BlackFideId "25611151"]
[EventDate "2023.10.11"]

1. d4 Nf6 2. c4 g6 3. Nf3 Bg7 4. g3 d6 5. Bg2 O-O 6. O-O c6 7. b3 Qc7 8. Bb2 Re8
9. Nc3 e5 10. d5 c5 11. e4 Qe7 12. Ne1 Ng4 13. Nd3 f5 14. Qd2 Rf8 15. h3 Nf6 16.
Rae1 Nh5 17. exf5 gxf5 18. Qe2 Qf7 19. Nb5 Rd8 20. Nxd6 Rxd6 21. Nxe5 Qe8 22.
Qf3 Nf6 23. Nd3 Qd8 24. Nxc5 Ne4 25. Bxg7 Kxg7 26. Nxe4 fxe4 27. Rxe4 Rf6 28.
Qe3 1-0

[Event "Qatar Masters Open 2023"]
[Site "Doha QAT"]
[Date "2023.10.19"]
[Round "8.71"]
[White "Singh, Ojasva"]
[Black "Seemann, Jakub"]
[Result "1/2-1/2"]
[WhiteTitle "FM"]
[BlackTitle "IM"]
[WhiteElo "2324"]
[BlackElo "2431"]
[WhiteFideId "25681958"]
[BlackFideId "21874697"]
[EventDate "2023.10.11"]

1. e4 c6 2. Nf3 d5 3. Nc3 dxe4 4. Nxe4 Nf6 5. Qe2 Nxe4 6. Qxe4 Nd7 7. Bc4 Nf6 8.
Ne5 e6 9. Qe2 b5 10. Bd3 Qc7 11. b3 Bd6 12. Bb2 Nd5 13. O-O Nf4 14. Qe3 Nxd3 15.
Nxd3 O-O 16. Bxg7 Kxg7 17. Qg5+ Kh8 18. Qf6+ Kg8 19. Qg5+ Kh8 20. Qf6+ Kg8 21.
Qg5+ Kh8 1/2-1/2

[Event "Qatar Masters Open 2023"]
[Site "Doha QAT"]
[Date "2023.10.19"]
[Round "8.72"]
[White "Njili, Kamel"]
[Black "Enkhtuul, Altan-Ulzii"]
[Result "0-1"]
[WhiteTitle "IM"]
[BlackTitle "WGM"]
[WhiteElo "2423"]
[BlackElo "2231"]
[WhiteFideId "5500869"]
[BlackFideId "4901444"]
[EventDate "2023.10.11"]

1. d4 Nf6 2. c4 e5 3. dxe5 Ng4 4. Nf3 Bc5 5. e3 Nc6 6. Be2 O-O 7. O-O Re8 8. a3
a5 9. Nc3 Ncxe5 10. Nd4 Nf6 11. Ndb5 d6 12. Nd5 Nxd5 13. cxd5 Bf5 14. b3 c6 15.
Nc3 Qh4 16. e4 Bg4 17. Be3 Bxe2 18. Qxe2 Ng4 19. h3 Nxe3 20. fxe3 Qg5 21. Rae1
Qe5 22. Na4 Ba7 23. dxc6 bxc6 24. Qc4 d5 25. Qxc6 dxe4 26. Qb7 f6 27. Nb6 Reb8
28. Qd5+ Qxd5 29. Nxd5 Rxb3 30. Rb1 Rab8 31. Rxb3 Rxb3 32. Rf4 Rd3 33. Ne7+ Kf7
34. Nf5 g6 35. Nh6+ Kg7 36. Ng4 f5 0-1

[Event "Qatar Masters Open 2023"]
[Site "Doha QAT"]
[Date "2023.10.19"]
[Round "8.73"]
[White "Goh, Zi Han"]
[Black "Jin, Yueheng"]
[Result "1/2-1/2"]
[WhiteTitle "FM"]
[WhiteElo "2334"]
[BlackElo "2398"]
[WhiteFideId "5819156"]
[BlackFideId "8616868"]
[EventDate "2023.10.11"]

1. d4 d5 2. c4 e6 3. Nf3 Nf6 4. g3 Be7 5. Bg2 O-O 6. O-O dxc4 7. Na3 Bxa3 8.
bxa3 Bd7 9. a4 Bc6 10. Ba3 Re8 11. Qc2 Nbd7 12. Rfe1 a5 13. Qxc4 Nb6 14. Qd3 Be4
15. Qb3 Qd7 16. Rac1 Rec8 17. Qb5 Nxa4 18. Qe5 b5 19. Bc5 Qd5 20. Qf4 Nxc5 21.
Rxc5 Qxa2 22. Rxc7 Rxc7 23. Qxc7 Rf8 24. Ne5 Bxg2 25. Kxg2 a4 26. Qc3 Nd5 27.
Qc5 Qd2 28. Kf1 Qb4 29. Qa7 Qc3 30. Rb1 Qc2 31. Ra1 Nc3 32. Nd7 Qxe2+ 33. Kg1
Nd1 34. d5 Rd8 35. Rc1 h6 36. dxe6 fxe6 37. Rc7 Qb2 38. Rb7 a3 39. Rb8 Rxb8 40.
Qxb8+ Kf7 41. Qf8+ Kg6 42. Qe8+ Kf5 43. Qh5+ Ke4 44. Qxd1 Qd4 45. Qe2+ Kd5 46.
Qxb5+ Kd6 47. Qa6+ Kxd7 48. Qxa3 Kc6 49. Qa6+ Kd5 50. Qb7+ Kd6 51. Qa6+ Ke5 52.
Qe2+ Kd6 53. Qa6+ Ke7 54. Qb7+ Kf6 55. Qf3+ Kg6 56. h4 h5 57. Qf8 Qg4 58. Qe8+
Kf6 59. Qf8+ Ke5 60. Qc5+ Ke4 61. Qc4+ Kf5 62. Qc5+ Kg6 63. Qe5 Qd1+ 64. Kh2 Qd5
65. Qe3 Qf5 66. Qb6 Qe5 67. Qd8 Qc5 68. Qd2 Qd5 69. Qe3 Kf6 70. Qf4+ Qf5 71. Qe3
Qg4 72. Kg2 Qf5 73. Kh2 Qe5 74. Qf3+ Kg6 75. Qd3+ Qf5 76. Qe3 Kf7 77. Qa7+ Kf6
78. Qe3 g6 79. Kg2 Qd5+ 80. Kh2 Qe5 81. Qf3+ Qf5 82. Qe3 Qg4 83. Qc3+ e5 84. Qe3
Qd4 85. Qf3+ Ke6 86. Qf8 Qe4 87. Qe8+ Kd5 88. Qb5+ Kd6 89. Qb6+ Qc6 90. Qe3 Qc2
91. Kg1 Kd5 92. Qf3+ Qe4 93. Qb3+ Qc4 94. Qb7+ Qc6 95. Qb3+ Kd6 96. Qd3+ Ke7 97.
Qe3 Qe6 98. Qg5+ Kf7 99. Qe3 Qf5 100. Qa7+ Kf6 101. Qb6+ Qe6 102. Qd8+ Kf7 103.
Qc7+ Kf6 104. Qd8+ Kf7 1/2-1/2

[Event "Qatar Masters Open 2023"]
[Site "Doha QAT"]
[Date "2023.10.19"]
[Round "8.74"]
[White "Avinash, Ramesh"]
[Black "Akshat, Khamparia"]
[Result "1/2-1/2"]
[WhiteTitle "IM"]
[BlackTitle "IM"]
[WhiteElo "2286"]
[BlackElo "2393"]
[WhiteFideId "45018340"]
[BlackFideId "5016541"]
[EventDate "2023.10.11"]

1. e4 e6 2. d4 d5 3. e5 c5 4. c3 Bd7 5. Nf3 Qb6 6. Be2 cxd4 7. cxd4 Bb5 8. O-O
Bxe2 9. Qxe2 Nc6 10. Rd1 Nge7 11. Nc3 a6 12. Be3 Nf5 13. Rac1 Be7 14. g4 Nxe3
15. Qxe3 Qxb2 16. Rb1 Qa3 17. Rxb7 Na5 18. Rbb1 Nc4 19. Qc1 O-O 20. Qxa3 Bxa3
21. Rb3 a5 22. Na4 Rfb8 23. Ne1 Rb4 24. Nc5 Rxb3 25. Nxb3 a4 26. Na1 Rb8 27. Nd3
Bb2 28. Nc2 Rc8 29. Nxb2 Nxb2 30. Rd2 Nc4 31. Re2 Rb8 32. Ne3 Rb1+ 33. Kg2 Na3
34. Rd2 g5 35. h4 h6 36. hxg5 hxg5 37. Kf3 Rb4 38. Nd1 Nc4 39. Rd3 Kf8 40. Ne3
Na5 41. Nd1 Ke7 42. Ke2 Kd7 43. a3 Rb1 44. Nc3 Rb2+ 45. Rd2 Rb3 46. Nxa4 Rxa3
47. Nc5+ Kc6 48. Rd3 Ra2+ 49. Ke1 Nc4 50. Rc3 Rb2 51. Nd3 Rb1+ 52. Ke2 Kb5 53.
Rc2 Rg1 54. Kf3 Ka4 55. Rc1 Rxc1 56. Nxc1 Kb4 57. Ne2 Nd2+ 58. Ke3 Nf1+ 59. Kd3
Nh2 60. Ng1 Nxg4 1/2-1/2

[Event "Qatar Masters Open 2023"]
[Site "Doha QAT"]
[Date "2023.10.19"]
[Round "8.76"]
[White "Dragicevic, Drazen"]
[Black "Karamsetty, Jeevan"]
[Result "1-0"]
[WhiteTitle "FM"]
[WhiteElo "2354"]
[BlackElo "2300"]
[WhiteFideId "1707922"]
[BlackFideId "2025337"]
[EventDate "2023.10.11"]

1. d4 g6 2. Nf3 d6 3. g3 Bg7 4. Bg2 Nf6 5. O-O O-O 6. b3 a5 7. Bb2 a4 8. c4 Nbd7
9. Qc1 c5 10. Nc3 cxd4 11. Nxd4 Nb6 12. Ndb5 Nfd7 13. Rd1 Nc5 14. Ba3 axb3 15.
Bxc5 b2 16. Qxb2 Na4 17. Nxa4 Bxb2 18. Nxb2 Bd7 19. Be3 Bc6 20. Bh3 Qa5 21. a4
d5 22. Bd2 Qb6 23. Be3 Qa5 24. Nd4 e5 25. Nxc6 bxc6 26. cxd5 cxd5 27. Nd3 e4 28.
Nc5 f5 29. Rxd5 Rfd8 30. Nd7 Qxd5 31. Nf6+ Kf7 32. Nxd5 Rxd5 33. g4 Ke6 34. Bf4
h5 35. gxf5+ gxf5 36. f3 Rd4 37. fxe4 Rxe4 38. e3 Rexa4 39. Rf1 Kf6 40. Kf2 Ra1
41. Rxa1 Rxa1 42. Kg3 Kg6 43. Bg2 Rd1 44. Kh4 Rd8 45. Bf3 Rh8 46. Be5 Rh7 47.
Bc6 Re7 48. Bf4 Rh7 49. e4 Rh8 50. e5 Rh7 51. Be8+ Kg7 52. Bxh5 Rh8 53. Kg5 Kf8
54. Bg6 Ke7 55. Bxf5 Kf7 56. Kg4 Rg8+ 57. Bg5 Re8 58. Kf4 Ra8 59. e6+ Kf8 60.
Be4 Ra6 61. Ke5 Ra5+ 62. Kf6 Ra7 63. Bh6+ Kg8 64. Bd5 Ra6 65. Ke5 Kh7 66. e7 1-0

[Event "Qatar Masters Open 2023"]
[Site "Doha QAT"]
[Date "2023.10.19"]
[Round "8.77"]
[White "Priyanka, Nutakki"]
[Black "Chan, Kim Yew"]
[Result "0-1"]
[WhiteTitle "WGM"]
[BlackTitle "FM"]
[WhiteElo "2315"]
[BlackElo "2292"]
[WhiteFideId "25049615"]
[BlackFideId "5717981"]
[EventDate "2023.10.11"]

1. c4 c5 2. Nf3 Nf6 3. Nc3 d5 4. cxd5 Nxd5 5. e4 Nb4 6. Bc4 Nd3+ 7. Ke2 Nf4+ 8.
Kf1 Ne6 9. b4 g6 10. bxc5 Bg7 11. Bb2 Nc6 12. Rb1 O-O 13. Na4 Bxb2 14. Rxb2 Ned4
15. Ne1 Ne5 16. Bd5 e6 17. Bb3 b5 18. Nc3 b4 19. Na4 Ba6+ 20. d3 Nxb3 21. Rxb3
Qa5 22. Nb2 Rfd8 23. h4 Qxc5 24. h5 Rac8 25. hxg6 fxg6 26. Rh3 Bb5 27. Qe2 a5
28. Nd1 Qd4 29. Nc2 Rxc2 30. Qxc2 Bxd3+ 31. Rbxd3 Nxd3 32. Qc7 Rd7 33. Qb8+ Kg7
34. Kg1 Qd6 35. Qxd6 Rxd6 36. Ne3 a4 37. Nc4 Rd4 38. Na5 b3 39. Nxb3 axb3 40.
axb3 Nc5 0-1